000 00551nam a2200181Ia 4500
005 20250508162917.0
008 008 250505s9999 xx 000 0 eng d
037 _aTextual
040 _aFEDL
_beng
_cFEDL
041 _aeng
_2eng
084 _a378.54, KAU
_qFEDL
100 _aKaul J N
_9772073
245 0 _aHigher education in India : 1951-71 : Two decades of planned drift
260 _aShimla, India
_bIndian Institute of Advanced Study
_c1974
300 _ax,203p.
942 _cTEXL
_h378.54, KAU
999 _c1379378
_d1379378